The Boys Character Quiz - Statistics

General Stats
  • This quiz has been taken 7 times
  • The average score is 7 of 15
Answer Stats
Hint Answer % Correct
Superhero that runs really fast A-Train
67%
Englishman and leader of 'The Boys' Billy Butcher
67%
The French Guy Frenchie
67%
The leader of the seven with a cape of the american flag Homelander
67%
Man who experienced his girlfriend accidentally killed Hughie Campbell
67%
The newest member of the seven Starlight
67%
Girlfriend of the above Robin
50%
Superhero that has gills The Deep
50%
Silent member of The Seven Black Noir
33%
The Female member of 'The Boys' Kimiko
33%
Superhero that is a former girlfriend of the above Queen Maeve
33%
Superhero that can turn invisible Translucent
33%
Vice president of Vought Madelyn Stillwell
17%
Member of 'The Boys' responsible for organising and planning Mother's Milk
17%
Superhero in a secret relationship with the above Popclaw
17%
No matching quizzes found
Score Distribution
Percent of People with Each Score
Percentile by Number Answered
Your Score History
You have not taken this quiz